| 000 | 003240000a22001330004500 | ||
|---|---|---|---|
| 003 | MACL | ||
| 040 | _aMACL | ||
| 090 |
_c33851 _d33849 |
||
| 100 | _aRam, B | ||
| 245 | _aFundamentals of Microprocessors And Microcomputers | ||
| 260 |
_bDhanpat Rai Publicatons _c2003 |
||
| 650 | _aComputer science | ||
| 942 |
_cBOOK _k004.16/Ram |
||
| 999 |
_c33496 _d33496 |
||